Placówka : powieść /

Gorde:
Xehetasun bibliografikoak
Egile nagusia: Prus, Bolesław (1847-1912)
Erakunde egilea: Państwowy Instytut Wydawniczy
Beste egile batzuk: Jodełka-Burzecki, Tomasz (1919-1989) (Przedm.)
Formatua: Liburua
Hizkuntza:poloniera
Argitaratua: Warszawa : Państwowy Instytut Wydawniczy, 1968.
Saila:Biblioteka Powszechna
Etiketak: Etiketa erantsi
Etiketarik gabe, Izan zaitez lehena erregistro honi etiketa jartzen!

MARC

LEADER 00000nam a2200000 i 4500
001 9910000629805606
005 20260515140226.0
008 081029s1960 pl |000 f pol
035 |a 991046130489705066 
035 |a (PL-WaBN)b22672084-48omnis_nlop 
035 |a b22672084 
035 |a (OCoLC)833034362 
035 |a (PL)b0000002267208 
040 |a WA N  |c WA N 
080 |a 884-3 
090 |c 73  |d 72 
100 1 |a Prus, Bolesław  |d (1847-1912) 
240 1 0 |a Placówka  |l (pol.) 
245 1 0 |a Placówka :  |b powieść /  |c Bolesław Prus ; [wstęp, przypisy i aneks Tomasz Jodełka]. 
260 |a Warszawa :  |b Państwowy Instytut Wydawniczy,  |c 1968. 
300 |a 365, [2] s. ;  |c 20 cm. 
490 1 |a Biblioteka Powszechna 
500 |a Aneks zawiera fragmenty prac różnych aut. o B. Prusie. 
521 8 |a Do bibliotek licealnych. 
700 1 |a Jodełka-Burzecki, Tomasz  |d (1919-1989)  |e Przedm. 
710 2 |a Państwowy Instytut Wydawniczy 
830 0 |a Biblioteka Powszechna 
942 |c K 
952 |0 0  |1 0  |4 0  |6 R__54_000000000000000  |7 0  |9 71  |a RYT  |b RYT  |d 2026-04-26  |e 1/2026  |g 10.00  |l 0  |o R.54  |p 2000000000541  |r 2026-05-15 14:02:26  |w 2026-05-15  |y BK  |z da 
999 |c 71  |d 71